000 00901nab a2200253uu 4500
001 14127
003 HDC
007 cr aa aaaau
008 210214p2005 my ||||| |||| 00| 0 eng d
040 _aHDC
100 _aKarimah Ahmad
_eauthor
_914204
245 0 _aPerformance of Special Quality and Standard Palm Olein in Batch Frying of Fish Nuggets / by
_cKarimah Ahmad
260 _aKuala Lumpur :
_bMalaysian Palm Oil Board,
_c2005
300 _a1 online resource (9 pages )
336 _atext
_2rdacontent
337 _acomputer
_2rdamedia
338 _aonline resource
_2rdacarrier
650 _aFrying of Fish Nuggets
_914756
650 _aPalm Olein
_913456
856 _zRequest full-text at [email protected]
942 _2lcc
942 _cAR
942 _kJART 003372
999 _c11443
_d11443